Drugs (Record no. 69861)

000 -LEADER
fixed length control field 00394nam a22001697a 4500
003 - CONTROL NUMBER IDENTIFIER
control field NUST - PNEC
005 - DATE AND TIME OF LATEST TRANSACTION
control field 20170116181129.0
008 - FIXED-LENGTH DATA ELEMENTS--GENERAL INFORMATION
fixed length control field 151006b xxu||||| |||| 00| 0 eng d
040 ## - CATALOGING SOURCE
Transcribing agency LIBRARY
082 ## - DEWEY DECIMAL CLASSIFICATION NUMBER
Classification number 615.1 MOD
100 ## - MAIN ENTRY--PERSONAL NAME
9 (RLIN) 13827
Personal name Modell, Walter
245 ## - TITLE STATEMENT
Title Drugs
Statement of responsibility, etc. Walter Modell
250 ## - EDITION STATEMENT
Edition statement 2nd ed.
260 ## - PUBLICATION, DISTRIBUTION, ETC.
Date of publication, distribution, etc. c1980
650 ## - SUBJECT ADDED ENTRY--TOPICAL TERM
9 (RLIN) 13829
Topical term or geographic name entry element Drugs
General subdivision General
942 ## - ADDED ENTRY ELEMENTS (KOHA)
Source of classification or shelving scheme
Koha item type Book
Holdings
Withdrawn status Lost status Source of classification or shelving scheme Damaged status Not for loan Permanent Location Current Location Shelving location Date acquired Total Checkouts Full call number Barcode Date last seen Price effective from Koha item type
          Pakistan Navy Engineering College (PNEC) Pakistan Navy Engineering College (PNEC)       615.1 MOD PNECLIB-016017 10/06/2015   Book
© 2023 Central Library, National University of Sciences and Technology. All Rights Reserved.